[Event "MOR-chT2M 0203"]
[Site "Moravia"]
[Date "2002.11.03"]
[Round "2"]
[White "Matousek, Petr"]
[Black "Makovicka, Martin"]
[Result "1-0"]
[WhiteElo "2122"]
[BlackElo "2029"]
[PlyCount "66"]
[EventDate "2002.10.??"]
[EventType "team"]
[EventRounds "11"]
[EventCountry "CZE"]
[SourceTitle "EXT 2006"]
[Source "ChessBase"]
[SourceDate "2005.11.24"]
[SourceVersion "1"]
[SourceVersionDate "2005.11.24"]
[SourceQuality "1"]

1. e4 c5 2. Nc3 Nc6 3. g3 e5 4. Bg2 g6 5. d3 Bg7 6. Be3 d6 7. Qd2 Nge7 8. Bh6 0-0 9. h4 Bxh6 10. Qxh6 Kh8 11. h5 Ng8 12. Qd2 g5 13. 0-0-0 h6 14. Nd5 Be6 15. Rf1 Qa5 16. Qxa5 Nxa5 17. f4 Bxd5 18. exd5 f6 19. c4 Ne7 20. Bh3 b5 21. b3 b4 22. Nf3 Nb7 23. Nd2 a5 24. Bd7 Kg7 25. Rf2 f5 26. Re1 Kf6 27. fxe5+ dxe5 28. Rfe2 Nd6 29. Rxe5 Nec8 30. Re6+ Kg7 31. Bxc8 Nxc8 32. Rg6+ Kh7 33. Ree6 f4 1-0